000 00289nam a2200121Ia 4500
008 190216s9999||||xx |||||||||||||| ||und||
100 _aRuddar Dutt And Sundharam Kpm
245 0 _aIndian Economy
260 _bS Chand & Co
_c1977
300 _a723p
650 _aIndian Economy
942 _cBK
999 _c9654
_d9654